| 000 | 00592nam a2200181 i 4500 | ||
|---|---|---|---|
| 001 | 123274 | ||
| 003 | ES-MaACL | ||
| 005 | 20230906192137.0 | ||
| 007 | t| | ||
| 008 | 070214s1912 mx r ||||0| spa d | ||
| 100 | 1 |
_aRabasa, Emilio. _994841 |
|
| 245 | 1 | 3 |
_aLa Constitución y la Dictadura _b: estudio sobre la organización política de México / _cEmilio Rabasa. |
| 260 |
_aMéxico : _bRevista de revistas, _c1912. |
||
| 300 |
_a331 p ; _c24 cm. |
||
| 650 | 4 |
_aDerecho constitucional- _zMéxico. _9159527 |
|
| 651 | 4 |
_aMéxico- _xPolítica y gobierno. _9157848 |
|
| 852 |
_aES-MaACL _jF-809 |
||
| 999 |
_c123274 _d123274 |
||